| 000 | 01464cam a22002894a 4500 | ||
|---|---|---|---|
| 999 |
_c244 _d244 |
||
| 001 | 16913897 | ||
| 003 | OSt | ||
| 005 | 20190802110114.0 | ||
| 008 | 110810s2012 nyua b 001 0 eng | ||
| 010 | _a 2011033604 | ||
| 020 | _a9781408228241 (pbk.) | ||
| 040 |
_aDLC _cDLC _dDLC |
||
| 042 | _apcc | ||
| 082 | 0 | 0 |
_a327.172 HOU _223 |
| 100 | 1 |
_aHousden, Martyn, _d1962- _eauthor |
|
| 245 | 1 | 4 |
_aThe League of Nations and the organisation of peace / _cMartyn Housden. |
| 260 |
_aNew York : _bPearson Longman, _c2012. |
||
| 300 |
_axix, 170 p. : _bill. ; _c24 cm. |
||
| 504 | _aIncludes bibliographical references (p. [161]-168) and index. | ||
| 505 | 0 | _aIntroduction: organising the peace of the world -- What was the League of Nations? -- How new was the League of Nations? -- A promising start? disputes, borders and national minorities in the 1920s -- International humanitarian action: refugees and security -- Removing the causes of war: social and economic projects -- The League betrayed: collective security in the 1930s and disarmament -- Conclusion: assessing the League of Nations -- Documents. | |
| 610 | 2 | 0 |
_aLeague of Nations _xHistory. |
| 650 | 0 |
_aPeace _xInternational cooperation. |
|
| 856 | 4 | 2 |
_3Book review (H-Net) _uhttp://www.h-net.org/reviews/showrev.php?id=39174 |
| 906 |
_a7 _bcbc _corignew _d1 _eecip _f20 _gy-gencatlg |
||
| 942 |
_2ddc _cNFIC |
||